| 000 | 03968nam a22003377a 4500 | ||
|---|---|---|---|
| 001 | 287 | ||
| 003 | OSt | ||
| 005 | 20250528074017.0 | ||
| 008 | 250317b |||||||g |||| 00| 1 eng d | ||
| 020 | _a9786555980004 | ||
| 040 | _bpor | ||
| 041 |
_heng _apor |
||
| 082 |
_a823 _bW671r |
||
| 100 | 1 |
_aWilde, Oscar, _d1854-1900 _9537 |
|
| 240 | _aThe picture of Dorian Gray | ||
| 245 |
_aO retrato de Dorian Gray / _cWilde, Oscar ; Tradução de Paulo Cecconi e Notas de Luiz Gasparelli Jr. |
||
| 260 |
_aRio de Janeiro _bDarkSide _c2021 |
||
| 300 | _a318 p. | ||
| 520 | _aLondres, 1890. Entre médicos e monstros, assassinatos e mistérios, uma história sobre imortalidade, beleza e criminalidade é criada por uma das mentes mais indomáveis da história da literatura. O Retrato de Dorian Gray, a história da pintura maldita que se degrada com a passagem das décadas, deixando o seu modelo intocado pelo tempo, finalmente adentra a galeria da DarkSide Books em uma edição feita para agraciar admiradores e arrebatar novos leitores. Único romance de Oscar Wilde, O Retrato de Dorian Gray combina o apuro literário e estético de seu autor com uma trama sombria, pontuada por paixões, crimes e a brilhante e sarcástica verve wildeana. Publicado em 1890 na revista norte-americana Lippincott’s, o romance foi relançado em livro um ano depois em uma edição que censurou diversos trechos da obra. Dorian Gray primeiramente ofendeu uma geração vitoriana que encontrou na relação entre os amigos Dorian, o jovem retratado, Basil, o pintor apaixonado, e Henry, o lorde cínico, “o amor que não ousava dizer o seu nome”. Depois, fascinou leitores, críticos e artistas, que viram no enredo que remete ao mito de Fausto o Evangelho de um decadentismo que acredita em uma vida de arte, prazer e fascínio sensorial. Tudo isso em meio a um fim de século no qual a convenção e a moralidade corroíam qualquer prazer que a existência humana poderia desfrutar. Organizada por Enéias Tavares — que além de autor da casa, é professor e pesquisador — a edição especial da DarkSide Books vem repleta de conteúdos exclusivos. Paulo Cecconi assina a nova tradução, que teve como base a edição original publicada na revista Lippincott’s e sem censura. O pesquisador Luiz Gasparelli Jr., especialista em Wilde, contribui com notas que aprofundam a experiência de leitura, repletas de dados biográficos, referências culturais e apontamentos sobre o processo criativo de seu autor. A edição da Caveira traz ainda o dossiê “Retratos de Oscar Wilde”, com registros fotográficos do autor, as duras resenhas que o romance recebeu, o apimentado debate entre os críticos e o próprio Wilde e um texto de Gasparelli sobre os julgamentos que levaram Wilde à prisão em 1895. A edição inclui ainda seu ensaio “Caneta, Tinta e Veneno” e uma seleção de poemas compilada e traduzida por Tavares, além das ilustrações originais do pintor e impressor Henry Keen, produzidas em 1925 para a edição norte-americana deste clássico. O Retrato de Dorian Gray é um romance sobre a destruição da vida através da perfeição da arte, dos preços que pagamos pelos crimes deixados em segredo, das paixões nominadas e inomináveis que transformam quem somos naquilo que deveríamos ser, não pelos outros e sim por nós mesmos. Com seu romance, Oscar Wilde pede que reinventemos a nós mesmos pela arte, a beleza e a paixão, justamente o que a sociedade e a moralidade desaconselham. Assim como Dorian, você também colocaria a arte, o prazer e o desejo acima de todas as coisas? | ||
| 650 | 0 |
_aLiteratura Inglesa _989 |
|
| 650 | 0 |
_aSobrenatural _9538 |
|
| 650 | 0 |
_aFantasia _945 |
|
| 650 | 0 |
_aSuspense _910 |
|
| 650 | 0 |
_aFilme _926 |
|
| 650 | 0 |
_aClássicos _977 |
|
| 655 | 0 |
_aRomance _923 |
|
| 655 | 0 |
_aFicção _922 |
|
| 700 |
_aPaulo Cecconi _eTradução _9539 |
||
| 700 |
_aLuiz Gasparelli Jr. _eNotas _9540 |
||
| 942 |
_2ddc _n0 _cBK |
||
| 999 |
_c287 _d287 |
||